000 01311nam a2200349 a 4500
001 000115767
003 CHAP
005 20220329144547.0
008 190703s2018 mx a sm |||||||spa d
010 _a112228
011 _a113200
040 _cCHAP
090 _aTesis
100 1 _aCisneros Navarrete, Benigno.
_9136379
245 1 0 _aRendimiento de genotipos de jitomate indeterminados y determinados, cultivados en contenedores de 40x40 bajo sombra /
_h[En línea]
_cpor Benigno Cisneros Navarrete.
260 _aChapingo, Méx. :
_bEl autor,
_c2018.
500 _aPara ver el contenido del material haga clic en la liga
502 _aTesis (Ing. Agr. Fitotecnista) -- Colegion Superior Agropecuario del Estado de Guerrero
590 _aBATCH-UPD
_b05
_c20190703
_lUCH01
_h1240
590 _aE8697GMM
_b05
_c20190703
_lUCH01
_h0956
590 _aE8697GMM
_b05
_c20190703
_lUCH01
_h0958
590 _aE8697GMM
_b05
_c20190703
_lUCH01
_h0959
590 _aE8697GMM
_b05
_c20190703
_lUCH01
_h1239
650 1 4 _aSombra
_xEfecto en plantas.
_9108539
650 1 4 _aTomate
_xCalidad.
_9113692
650 1 4 _aTomate
_xProducción.
_9125346
650 1 4 _aTomate
_xRendimiento.
_9113761
856 _aFinding aid
_uhttp://10.13.5.2/tesis/sist115767.pdf
_zTeclea aquí
901 _aBK
942 _cTESIS
942 _n0
999 _c112228
_d112228